Fundamental principles of irrigation and water power / (Record no. 3087)
[ view plain ]
| 000 -LEADER | |
|---|---|
| fixed length control field | 00412cam a2200157ua 4500 |
| 003 - CONTROL NUMBER IDENTIFIER | |
| control field | OSt |
| 008 - FIXED-LENGTH DATA ELEMENTS--GENERAL INFORMATION | |
| fixed length control field | 241111b |||||||| |||| 00| 0 eng d |
| 082 ## - DEWEY DECIMAL CLASSIFICATION NUMBER | |
| Classification number | 631.587 |
| Item number | PRI/FO |
| 100 ## - MAIN ENTRY--AUTHOR NAME | |
| Personal name | Priyani, V. B . |
| 245 ## - TITLE STATEMENT | |
| Title | Fundamental principles of irrigation and water power / |
| 250 ## - EDITION STATEMENT | |
| Edition statement | 7 / |
| 260 ## - PUBLICATION, DISTRIBUTION, ETC. (IMPRINT) | |
| Place of publication | Anand : |
| Name of publisher | Charotar Publishing House , |
| Year of publication | 1967. |
| 300 ## - PHYSICAL DESCRIPTION | |
| Number of Pages | 760 ; . |
| 500 ## - GENERAL NOTE | |
| General note | *CSS |
| 942 ## - ADDED ENTRY ELEMENTS (KOHA) | |
| Koha item type | Books |
| Withdrawn status | Lost status | Damaged status | Home library | Current library | Shelving location | Date acquired | Full call number | Accession Number | Koha item type |
|---|---|---|---|---|---|---|---|---|---|
| KAUAET | KAUAET | Shelf- 13A | 07/04/2012 | 631.587 PRI/FU | 11349 | Books | |||
| KAUAET | KAUAET | Shelf- 13A | 07/04/2012 | 631.587 PRI/FU | 11353 | Books | |||
| KAUAET | KAUAET | Shelf- 13A | 07/04/2012 | 631.587 PRI/FU | 11355 | Books | |||
| Withdrawn | KAUAET | KAUAET | 07/04/2012 | 627.5 PRI/FO | 11351 | Books | |||
| Withdrawn | KAUAET | KAUAET | 07/04/2012 | 627.5 PRI/FO | 11347 | Books | |||
| KAUAET | KAUAET | Shelf- 13A | 07/04/2012 | 631.587 PRI/FU | 11350 | Books | |||
| KAUAET | KAUAET | Shelf- 13A | 07/04/2012 | 631.587 PRI/FU | 11354 | Books | |||
| KAUAET | KAUAET | Shelf- 13A | 07/04/2012 | 631.587 PRI/FU | 13426 | Books | |||
| KAUAET | KAUAET | Shelf- 13A | 07/04/2012 | 631.587 PRI/FU | 11348 | Books | |||
| Damaged | KAUAET | KAUAET | Shelf- 13A | 07/04/2012 | 631.587 PRI/FU | 11352 | Books | ||
| KAUAET | KAUAET | Shelf- 13A | 07/04/2012 | 631.587 PRI/FU | 11346 | Books |
